Emperors of the Three Romes - Statistics

General Stats
  • This quiz has been taken 256 times
  • The average score is 162 of 276
Answer Stats
Hint Answer % Correct
-27-14 Augustus
97%
578-582 Tiberius II Constantine
96%
1074-1078 | 1081-1087 Constantine Doukas (Son of Michael VII)
94%
337-340 Constantine II
94%
407-411 Constantine III
94%
306-337 Constantine I "The Great"
94%
668-685 Constantine IV
94%
1042-1055 Constantine IX Monomachos
94%
868-879 Constantine (Son of Basil I)
94%
834-835 Constantine (son of Theophilos)
94%
813-820 Constantine Symbatios
94%
741-775 Constantine V "Copronymus"
94%
780-797 Constantine VI
94%
1025-1028 Constantine VIII
94%
913-959 Constantine VII Porphyrogenitus
94%
1059-1067 Constantine X Doukas
94%
1449-1453 Constantine XI
94%
641 (Heraclius) Constantine III
94%
54-68 Nero
94%
924-925 Stephen and Constantine Lekapenos (Sons of Romanos I)
94%
222-235 Severus Alexander
91%
41-54 Claudius
89%
912-913 Alexander
88%
1881-1894 Alexander III "The Peacemaker"
88%
1855-1881 Alexander II "The Liberator"
88%
1801-1825 Alexander I "The Blessed"
88%
161-180 Marcus Aurelius
87%
37-41 Caligula
86%
1825-1855 Nicholas I
86%
1894-1917 Saint Nicholas II
86%
14-37 Tiberius
86%
659-681 Heraclius & Tiberius (sons of Constans II)
85%
268-270 Claudius II Gothicus
84%
641 Tiberius-David
84%
698-705 Tiberius III
84%
706-711 Tiberius IV
84%
1462-1505 Ivan III "The Great"
83%
1533-1584 Ivan IV "The Terrible"
83%
1682-1696 Ivan V
83%
1740-1741 Ivan VI
83%
518-527 Justin I
83%
565-578 Justin II
83%
1070-1071 Leo & Nikephoros Diogenes (Sons of Romanos IV)
83%
717-741 Leo III "The Isaurian"
82%
474 Leo II "The Younger"
82%
457-474 Leo I "The Butcher"
82%
775-780 Leo IV "The Khazar"
82%
886-912 Leo VI "The Wise"
82%
813-820 Leo V "The Armenian"
82%
475-476 Marcus
82%
96-98 Nerva
82%
98-117 Trajan
82%
117-138 Hadrian
81%
1727-1730 Peter II
81%
1762 Peter III
81%
1682-1725 Peter I "The Great"
81%
1725-1727 Catherine I Aleeksevna
80%
1762-1796 Catherine II "The Great"
80%
685-695 | 705-711 Justinian II "Rhinotmetus"
80%
527-565 Justinian I "The Great"
80%
161-169 Lucius Verus
80%
1216-1217 Peter
80%
193-211 Septimius Severus
79%
138-161 Antoninus Pius
78%
475-476 Romulus Augustulus
78%
408-450 Theodosius II
78%
715-717 Theodosius III
78%
379-395 Theodosius I "The Great"
78%
590-602 Theodosius (son of Maurice)
78%
306-307 Severus II
77%
461-465 Severus III
77%
180-192 Commodus
75%
1183-1185 John Komnenos (Son of Andronikos I)
75%
1595-1603 Mehmed III
75%
1451-1481 Mehmed II "The Conqueror"
75%
1648-1687 Mehmed IV "The Hunter"
75%
1909-1918 Mehmed V
75%
1918-1922 Mehmed VI
75%
1071-1078 Michael VII Doukas "Parapinakes"
75%
69-79 Vespasian
75%
1259-1282 Michael VIII Palaiologos
74%
423-425 Johannes
73%
969-976 John I Tzimiskes
73%
1613-1645 Michael
73%
842-867 Michael III "The Drunkard"
73%
820-829 Michael II "The Amorian"
73%
811-813 Michael I Rangabe
73%
1034-1041 Michael IV "The Paphlagonian"
73%
1294-1320 Michael IX
73%
1056-1057 Michael VI Bringas "Stratiotikos"
73%
1041-1042 Michael V "Kalaphates"
73%
976-1025 Basil II "The Bulgar-Slayer"
72%
867-886 Basil I "The Macedonian"
72%
1060-1078 Constantius Doukas (Son of Constantine X)
72%
1229-1237 John
72%
1118-1143 John II "The Good"
72%
1341-1391 John V
72%
1390 | 1403-1408 John VII
72%
1425-1448 John VIII
72%
1347-1354 John VI Kantakouzenos
72%
1687-1691 Suleiman II
72%
1520-1566 Suleiman I "The Magnificent"
72%
337-350 Constans I
71%
641-668 Constans II "The Bearded"
71%
284-305 Diocletian
71%
305-306 Constantius I "Chlorus"
70%
337-361 Constantius II
70%
421 Constantius III
70%
68-69 Galba
70%
79-81 Titus
70%
388-392 Valentinian II
70%
425-455 Valentinian III
70%
364-375 Valentinian I "The Great"
70%
81-96 Domitian
69%
211-217 Caracalla
68%
244-249 Philip I "The Arab"
68%
69 Otho
67%
247-249 Philip II "The Younger"
67%
270-275 Aurelian
66%
361-363 Julian "The Apostate"
66%
316-317 Valerius Valens
63%
1071-1118 Alexios I Komnenos
62%
1119-1142 Alexios Komnenos "The Younger"
62%
1204 Alexios V Doukas "Mourtzouphlos"
62%
610-641 Heraclius
62%
364-378 Valens
62%
218-222 Elagabalus
61%
238 Gordian I
60%
238 Gordian II
60%
238-244 Gordian III
60%
1180-1183 Alexios II
59%
1195-1203 Alexios III
59%
1203-1204 Alexios IV
59%
1185-1195 Isaac II Angelos
59%
474-480 Julius Nepos
59%
1754-1757 Osman III
59%
1618-1622 Osman II "The Young"
59%
1796-1801 Paul I
59%
69 Vitellius
59%
211 Geta
58%
1057-1059 Isaac I Komnenos
58%
395-423 Honorius
57%
235-238 Maximinus Thrax
57%
1078-1081 Nikephoros III Botaneiates
57%
963-969 Nikephoros II Phokas
57%
802-811 Nikephoros I "The Logothete"
57%
741-743 Nikephoros (son of Artabasdos)
57%
253-260 Valerian
57%
1203-1204 Isaac II
56%
286-305 | 306-308 Maximian
56%
1068-1070s Andronikos Doukas (Son of Constantine X)
55%
1183-1185 Andronikos I Komnenos "Misophaes"
55%
310-313 Maximinus II "Daza"
55%
1598 Irina Godunov
54%
959-963 Romanos II
54%
1028-1034 Romanos III Argyros
54%
920-944 Romanos I Lekapenos
54%
1068-1071 Romanos IV Diogenes
54%
395-408 Arcadius
53%
797-802 Irene
52%
1774-1789 Abdul Hamid I
51%
1876-1909 Abdul Hamid II
51%
1282-1328 Andronikos II
51%
1328-1341 Andronikos III
51%
1376-1379 Andronikos IV
51%
1381-1385 Andronikos IV (again)
51%
1403-1407 Andronikos V
51%
217-218 Macrinus
51%
193 Pertinax
51%
193 Didius Julianus
50%
375-383 Gratian
49%
582-602 Maurice
49%
363-364 Jovian
48%
1391-1425 Manuel II
48%
1143-1180 Manuel I "The Great"
48%
306-312 Maxentius
48%
474-475 | 476-491 Zeno
48%
457-461 Majorian
46%
238 Pupienus
46%
842-856 Theodora
46%
1042 | 1055-1056 Theodora Porphyrogenita
46%
1042 Zoë Porphyrogenita
46%
193-197 Clodius Albinus
45%
1640-1648 Ibrahim "The Mad"
45%
308-324 Licinius
45%
450-457 Marcian
45%
1566-1574 Selim II
44%
1789-1807 Selim III
44%
1512-1520 Selim I "The Grim"
44%
1730-1740 Anna Ivanovna
43%
238 Balbinus
43%
253-268 Gallienus
43%
1574-1595 Murad III
43%
1623-1640 Murad IV
43%
1876 Murad V
43%
275-276 Tacitus
43%
282-283 Carus
42%
491-518 Anastasius I "Dicorus"
41%
713-715 Anastasius II
41%
1481-1512 Bayezid II
41%
283-285 Carinus
41%
249-251 Decius
41%
305-311 Galerius
41%
276-282 Probus
41%
1603-1617 Ahmed I
39%
1691-1695 Ahmed II
39%
1703-1730 Ahmed III
39%
1598-1605 Boris Godunov
39%
1605 Feodor II Godunov
39%
1676-1682 Feodor III
39%
1584-1598 Feodor I "The Blessed"
39%
602-610 Phocas
39%
1741-1762 Elizabeth Petrovna
38%
1695-1703 Mustafa II
38%
1757-1774 Mustafa III
38%
1617-1618 | 1622-1623 Mustafa I "The Saint"
38%
1807-1808 Mustafa IV
38%
455 Petronius Maximus
38%
1611-1612 False Dimitry III Rurikovich
37%
1607-1610 False Dimitry II Rurikovich
37%
1605-1606 False Dimitry I Rurikovich
37%
276 Florian
37%
251-253 Trebonianus Gallus
37%
253 Aemilian
36%
283-284 Numerian
36%
270 Quintillus
36%
829-842 Theophilos
36%
1204-1205 Baldwin I
35%
1237-1261 Baldwin II
35%
473-474 Glycerius
35%
251 Hostilian
34%
472 Olybrius
33%
741-743 Artabasdos
32%
1730-1754 Mahmud I
31%
1808-1839 Mahmud II
31%
1505-1533 Vasily III
29%
1606-1610 Vasily IV Shuysky
29%
467-472 Anthemius
28%
455-456 Avitus
28%
218 Diadumenian
28%
383-388 Magnus Maximus
28%
1861-1876 Abdulaziz
26%
1645-1676 Alexis "The Quietest"
26%
1839-1861 Abdulmejid I
25%
1206-1216 Henry
25%
641 Heraclonas
25%
193-194 Pescennius Niger
25%
350 Vetranio
25%
695-698 Leontius
23%
1353-1357 Matthew Kantakouzenos (Son of John VI)
22%
251 Herennius Etruscus
20%
811 Staurakios
20%
811-813 Theophylact & Staurakios (sons of Michael I)
20%
1610-1612 Vladislav Vasa
20%
711-713 Philippicus
19%
392-394 Eugenius
17%
251-253 Volusianus
17%
1221-1228 Robert I
16%
260 Saloninus
15%
1217-1219 Yolanda
14%
475-476 Basilicus
13%
324 Martinian
13%
365-366 Procopius
13%
921-931 Christopher Lekapenos (Son of Romanos I)
12%
350-353 Magnentius
12%
409-410 Priscus Attalus
11%
1067 Eudokia Makrembolitissa
10%
350 Nepotianus
10%
842-856 Thekla (daughter of Theophilos)
8%
No matching quizzes found
Score Distribution
Percent of People with Each Score
Percentile by Number Answered
Your Score History
You have not taken this quiz